| 000 | 01788cas a2200445 a 4500 | ||
|---|---|---|---|
| 001 | 11306294 | ||
| 003 | OSt | ||
| 005 | 20230620145642.0 | ||
| 008 | 850516c19859999ke gr r f0 a0eng | ||
| 010 | _a 85980150 | ||
| 016 | 7 |
_a013084043 _2Uk |
|
| 035 | _a(OCoLC)ocm12043064 | ||
| 037 | _bKenya National Library Service, National Reference & Bibliographic Dept., P.O. Box 30573, Nairobi, Kenya | ||
| 040 |
_aDLC _beng _cDLC _dIUL _dNST _dHUL _dNST _dZCU _dDLC _dUKMGB _dOCLCQ _dOCLCO _dOCLCA _dOCLCQ _dOCLCA _dOCLCF _dPUL |
||
| 042 | _apcc | ||
| 043 | _af-ke--- | ||
| 050 | 0 | 0 |
_aZ6960.K4 _bK43 _aPN5499.K4 |
| 082 | 0 | 4 |
_a050.6762 _219 _bKNL |
| 245 | 0 | 0 | _aKenyan Periodicals Directory. |
| 246 | 1 |
_iIssues for 1986/1996- have title: _aKenya periodicals directory |
|
| 246 | 1 | 3 | _aKPD |
| 260 |
_aNairobi : _bKenya National Library Service, National Reference & Bibliographic Dept., _c©1984- |
||
| 300 |
_avolumes ; _c30 cm |
||
| 310 |
_aIrregular, _b1986/1996-<1997/1999> |
||
| 321 |
_aBiennial, _b1984/1985 |
||
| 336 |
_atext _btxt _2rdacontent |
||
| 337 |
_aunmediated _bn _2rdamedia |
||
| 338 |
_avolume _bnc _2rdacarrier |
||
| 362 | 0 | _a1984-85- | |
| 588 | _aLatest issue consulted: 1997/1999. | ||
| 590 | _aSERBIB/SERLOC merged record | ||
| 650 | 0 |
_aKenyan periodicals _vDirectories. |
|
| 650 | 7 |
_aKenyan periodicals. _2fast _0(OCoLC)fst00986827 |
|
| 655 | 7 |
_aDirectories. _2fast _0(OCoLC)fst01423796 |
|
| 655 | 7 |
_aDirectories. _2lcgft _0http://id.loc.gov/authorities/genreForms/gf2014026087 _0(uri) http://id.loc.gov/authorities/genreForms/gf2014026087 |
|
| 710 | 2 |
_aKenya National Library Service. _bNational Reference & Bibliographic Department. |
|
| 906 |
_a7 _bcbc _cserials _d3 _encip _f19 _gn-oclcserc |
||
| 942 |
_2ddc _cBK |
||
| 999 |
_c1826 _d1826 |
||